000 00569nam a2200193Ia 4500
003 OSt
005 20250808144425.0
008 210423s1992 xx 000 0 und d
020 _a8120203526
040 _cAL
041 _aEnglish
082 _a303.372
_bKARI
100 _aHiranmay Karlekar
_9112421
245 _aIn the mirror of mandal
_b: social justice caste class and the individual
260 _aDelhi
_bAjanta Publications
_c1992
365 _b150
_cINR
906 _acaste ; class ; individuals. ; justice ; mandal: ; mirror ; society
942 _2ddc
_cBK
999 _c172812
_d172812